000
00491nam a2200181Ia 4500
008
100917s9999 xx 000 0 und d
082
_b
35376
100
_a
ओक शामराव नीलकंठ
245
_a
बारनिशी
260
_b
अनमोल प्रकाशन
_c
1978
300
_a
122
365
_b
10
520
_a
कविता
630
_a
बारनिशी
650
_a
कविता
730
_a
बारनिशी
942
_c
BOOK
999
_c
640770
_d
640767